African journal of drug and alcohol studies. (Record no. 38045)

MARC details
000 -LEADER
fixed length control field 00492nam a2200169Ia 4500
022 ## - INTERNATIONAL STANDARD SERIAL NUMBER
ISSN 15314065
050 ## - CALL MARK
Classification number HV 5804. A47 A456/
245 #0 - TITLE STATEMENT
Title African journal of drug and alcohol studies.
260 ## - PUBLICATION, DISTRIBUTION, ETC. (IMPRINT)
Place of publication South africa
260 ## - PUBLICATION, DISTRIBUTION, ETC. (IMPRINT)
Name of publisher Daily Beast Company
260 ## - PUBLICATION, DISTRIBUTION, ETC. (IMPRINT)
Year of publication 2016
300 ## - PHYSICAL DESCRIPTION
Number of Pages vi, 1-133 p. : ill. ; 18 cm.
650 ## - SUBJECT ADDED ENTRY--TOPICAL TERM
Topical Term Drug abuse--Africa--Periodicals. Alcoholism--Africa--Periodicals.
942 ## - ADDED ENTRY ELEMENTS (KOHA)
Koha item type Serials

No items available.